000 00734nam a2200241Ia 4500
003 OSt
005 20220918222402.0
006 a|||||r|||| 00| 0
007 ta
008 220917b |||||||| |||| 00| 0 eng d
024 _a216,752
037 _cTextual
040 _aARTS
_cARTS
_beng
041 _2eng
_aeng
082 _aQ23:4198.247, P0
100 _aGurtoo N K Ed.
_9143046
245 0 _aSri Harsesvaramahatmyam or the glory of lord Harsesvara, an eminent Siva-Dhama of Kashmir based on the Adi-Purana
260 _aDelhi
_bPenman Publishers India
_c2000
300 _aviii,88p.
_ccm.
650 _aRELIGION
942 _hQ23:4198.247, P0
_cTEXL
_2CC
999 _c275418
_d275418